Score 0/20 Timer 03:00
0 Plays Today
Question Answer Wrong Answers
Students are sorted into their houses Great Hall
92.5%
Headmaster's Office
1.2%
Gryffindor Tower
0.7%
Grounds
0.5%
Harry had lessons with Dumbledore here Headmaster's Office
90.3%
Great Hall
1.8%
Gryffindor Tower
1.4%
Grounds
1.2%
Harry first met Buckbeak here Grounds
89.1%
Headmaster's Office
1.5%
Great Hall
2.2%
Gryffindor Tower
1.8%
Entrance guarded by a painting Gryffindor Tower
88%
Headmaster's Office
3.8%
Great Hall
2.2%
Grounds
0.4%
Herbology lessons take place Grounds
87.8%
Headmaster's Office
1.3%
Great Hall
3%
Gryffindor Tower
2.8%
Post for students normally arrives here Great Hall
87.4%
Headmaster's Office
2.3%
Gryffindor Tower
2.5%
Grounds
2.7%
The Triwizard tasks of 1994-95 took place here Grounds
85.6%
Headmaster's Office
1.3%
Great Hall
6.4%
Gryffindor Tower
1.3%
Items stored here include the Notice Board and Uncle Vernon's old socks Gryffindor Tower
82.9%
Headmaster's Office
5.4%
Great Hall
4.2%
Grounds
1.8%
Harry got a cracked skull here Grounds
80.9%
Headmaster's Office
3%
Great Hall
5.7%
Gryffindor Tower
4.7%
Harry first met Fawkes here Headmaster's Office
79.8%
Great Hall
4.4%
Gryffindor Tower
3.1%
Grounds
7.3%
Items stored here include the Sorting Hat and the Pensieve Headmaster's Office
77.9%
Great Hall
15.3%
Gryffindor Tower
1.3%
Grounds
0.5%
Sirius Black broke in here, armed with a knife Gryffindor Tower
76.3%
Headmaster's Office
8.8%
Great Hall
3.5%
Grounds
5.8%
Harry first kissed Ginny here Gryffindor Tower
74.1%
Headmaster's Office
1.1%
Great Hall
5.4%
Grounds
14.1%
Entrance guarded by a stone gargoyle Headmaster's Office
72.6%
Great Hall
7.4%
Gryffindor Tower
7.2%
Grounds
7.7%
Harry had a confrontation with Seamus here Gryffindor Tower
72.1%
Headmaster's Office
2.2%
Great Hall
12.5%
Grounds
7.7%
Items stored here include broomsticks and pumpkins Grounds
70.2%
Headmaster's Office
3.1%
Great Hall
8.5%
Gryffindor Tower
12.5%
Holds a portrait of Dilys Derwent Headmaster's Office
68.6%
Great Hall
9.5%
Gryffindor Tower
15.4%
Grounds
0.7%
Items stored here include plates and goblets, and Dumbledore's gold chair Great Hall
65.8%
Headmaster's Office
27.5%
Gryffindor Tower
1.2%
Grounds
0.4%
Harry first met Dennis here Great Hall
65.7%
Headmaster's Office
3%
Gryffindor Tower
16.8%
Grounds
9.3%
Apparition lessons are held here Great Hall
58.6%
Headmaster's Office
4.4%
Gryffindor Tower
6%
Grounds
25.5%

Today's Daily Dose

Missing Word
Lizzo Songs

Get the Picture
The Longest Rivers

Remove Ads.
Support Sporcle.
Get the best of Sporcle when you Go Orange. This ad-free experience offers more features, more stats, and more fun while also helping to support Sporcle. Thank you for becoming a member.

You're not logged in!

Compare scores with friends on all Sporcle quizzes.
OR
Log In

Show Comments

Extras

Top Quizzes Today


Score Distribution

Your Account Isn't Verified!

In order to create a playlist on Sporcle, you need to verify the email address you used during registration. Go to your Sporcle Settings to finish the process.

Report this User

Report this user for behavior that violates our Community Guidelines.

Details: